Estadísticas para Palabras de México

Haz click aquí para intentar la prueba.

Estadísticas generales

  • Esta prueba ha sido intentada 173 veces
  • La puntuación promedio es 10 de 23

Estadísticas de respuestas

SignificadoPalabra% Correcto
Fruta roja a la que en México le suelen añadir el "Ji"Jitomate
76%
Tazón de piedra que se usa para moler alimentosMolcajete
76%
ManíCacahuate
72%
TrabajoChamba
69%
Sandwich principalmente hecho con pan teleraTorta
69%
Pequeño de estaturaChaparro
66%
Mercado donde venden cosas baratasTianguis
66%
Postre liviano hecho con hielo triturado y jarabe de frutasRaspado
65%
Prenda que se usa para proteger la ropa en la cocinaMandil
53%
Abrigo de cualquier tipoChamarra
52%
Dulce de lecheCajeta
50%
Automóvil viejo y deterioradoCarcacha
44%
AmigoCuate
43%
Juguete que comprende un palo y un barril con una cuerdaBalero
41%
Niño, a veces en forma despectivaEscuincle
36%
Sartén de hierroComal
34%
Bueno, genial, excelente...Padre
34%
Aplastar, romper o estrujarApachurrar
16%
Deprimirse o entristecerseAchicopalarse
15%
Canal acuático utilizado para fines agrícolasChinampa
14%
Petróleo o aceite mineral soltado por los barcosChapopote
8%
Peyorativo de la cabeza, se le llama igual que a una plantaChirimoya
6%
Ridículo, inusual, chistosoChusco
0%

Distribución de puntuación

Porcentaje por número respondido

Porcentaje de gente con cada puntuación

Historial de tus puntuaciones

No has intentado esta prueba.